Die Landesordnung vom Jahre 1516 für die Markgrafschaft Mähren

Titel: Die Landesordnung vom Jahre 1516 für die Markgrafschaft Mähren / Jana Janišová, Dalibor Janiš
Verfasser: ;
In: Zeitschrift für neuere Rechtsgeschichte, Band 39, Heft 1/2 (2017), Seite 26-51
alle Artikel anzeigen
Veröffentlicht: 2017
Format: Aufsatz
Sprache: Deutsch
Schlagworte:
Kein Bild verfügbar
X
alg: 42649948
001A    $03025:16-02-18 
001B    $01999:18-03-23 $t01:50:13.000 
001C    $03025:16-02-18 $t12:41:32.000 
001D    $03025:16-02-18 
001U    $0utf8 
001X    $00 
002@    $0Aou 
002C    $aText $btxt $2rdacontent 
002D    $aohne Hilfsmittel zu benutzen $bn $2rdamedia 
002E    $aBand $bnc $2rdacarrier 
003@    $0426499484 
007A    $0426499484 $aHEB 
010@    $ager 
010E    $erda 
011@    $a2017 
021A    $aDie @Landesordnung vom Jahre 1516 für die Markgrafschaft Mähren $hJana Janišová, Dalibor Janiš 
028A    $BVerfasser $4aut $71082447811 $8Janišová, Jana$Z1978- [Tp3] $9369818350 
028C    $BVerfasser $4aut $714255118X $8Janiš, Dalibor$Z1973- [Tp3] $9227910931 
031A    $d39 $e1/2 $h26-51 $j2017 
039B    $aEnthalten in $8--Abvc--. Zeitschrift für neuere Rechtsgeschichte. - Wien : Manz, 1979-. - ISSN 0250-6459 $x201700000390001974 $9048077585 
044K    $RBöhmische Länder $RMähren-Schlesien $#Mähren $#Markgrafschaft Mähren $#Kronland Mähren $#Morava $#Markrabství Moravské $#Moravia $#Mehren $#מעהרין $#מדינת מעהרין $74074432-2 $8Mähren [Tg1] $9085209619 
044K    $RLandrecht $#Landtafel $#Landlauf $74403430-1 $8Landesordnung [Ts1] $9088545849 
045R    $aGeschichte 1516 
045T    $aINTRECHT $qDE-1a $2FID 
045T    $a2 

lok: 42649948 78

exp: 42649948 78 1 #EPN
201B/01 $016-02-18 $t12:41:10.000 
201C/01 $016-02-18 
201U/01 $0utf8 
203@/01 $01018124047 
208@/01 $a16-02-18 $be 
209A/01 $a/ $f000 $x00 
209A/01 $ab*p $x01 
220C/01 $apgar 
244Z/01 $#Böhmische Kronländer $#Länder der Böhmischen Krone $#Sudetenland $#Böhmen $#Mähren $#Mährisch-Schlesien $#Österreichisch-Schlesien $#Tschechische Sozialistische Republik Böhmische Länder $#Tschechei Böhmische Länder $#Země koruny české $74069573-6 $8--Tg1--Böhmische Länder $x01 $9085195553 
247C/01 $82080>Marburg/Lahn, Herder-Institut, Forschungsbibliothek, Bibliographieportal $9336309341
LEADER 00000caa a2200000 c 4500
001 426499484
003 DE-603
005 20230318015013.0
007 tu
008 180216s2017 xx |||| | u00||u|ger c
035 |a (DE-599)HEB426499484 
040 |a DE-603  |b ger  |c DE-603  |d DE-603  |e rda 
041 |a ger 
084 |a INTRECHT  |q DE-1a  |2 fid 
084 |a 2  |2 ssgn 
100 1 |a Janišová, Jana  |d 1978-  |e Verfasser  |4 aut  |0 (DE-603)369818350  |0 (DE-588)1082447811  |2 gnd 
245 0 0 |a ˜Dieœ Landesordnung vom Jahre 1516 für die Markgrafschaft Mähren  |c Jana Janišová, Dalibor Janiš 
264 0 |c 2017 
336 |a Text  |b txt  |2 rdacontent 
337 |a ohne Hilfsmittel zu benutzen  |b n  |2 rdamedia 
338 |a Band  |b nc  |2 rdacarrier 
648 7 |a Geschichte 1516  |2 gnd 
650 7 |a Landesordnung  |0 (DE-588)4403430-1  |0 (DE-603)088545849  |2 gnd 
651 7 |a Mähren  |0 (DE-588)4074432-2  |0 (DE-603)085209619  |2 gnd 
700 1 |a Janiš, Dalibor  |d 1973-  |e Verfasser  |4 aut  |0 (DE-603)227910931  |0 (DE-588)14255118X  |2 gnd 
773 0 8 |i Enthalten in  |t Zeitschrift für neuere Rechtsgeschichte  |d Wien : Manz, 1979-  |x 0250-6459  |g Band 39, Heft 1/2 (2017), Seite 26-51  |w (DE-603)048077585  |w (DE-600)800888-7 
924 0 |9 2080  |a (DE-603)1018124047  |b DE-2080  |c HES  |d d  |g /